000 00459nam a2200145Ia 4500
008 100122s9999 xx 000 0 und d
082 _b51333
_a398.3
100 _aदाभोलकर नरेंद्र
245 _aविचार तर कराल
260 _bराजहंस प्रकाशन
_c1995
300 _a179
630 _aविचार तर कराल
730 _aविचार तर कराल
942 _cBOOK
999 _c428795
_d428792